| 000 | 01489nam a22003137a 4500 | ||
|---|---|---|---|
| 005 | 2011111501311.0 | ||
| 008 | 111115s2005ua||||| |||| 001 0 ara d | ||
| 082 |
_222 _a245 _bا ب و |
||
| 100 |
_927762 _aابو السعود، صلاح. |
||
| 245 |
_aالمرجع الكامل فى الفرق و الجماعات و المذاهب الاسلامية : _bمنذ سقيفة بنى ساعدة الى اليوم / _cصلاح ابو السعود. |
||
| 250 | _aط. 1. | ||
| 260 |
_aالجيزة : _bمكتبة النافذة، _c2005. |
||
| 300 |
_a316 ص.؛ _c24 سم. |
||
| 500 | _aيشتمل على كشافات. | ||
| 650 |
_913293 _aالشيعة |
||
| 650 |
_916890 _aالخوارج |
||
| 650 |
_917369 _aالصوفية |
||
| 650 |
_927765 _aالجبرية (فرق اسلامية) |
||
| 650 |
_927763 _aالفرق الاسلامية _xتاريخ |
||
| 650 |
_927765 _aالجبرية (فرق اسلامية) _xتاريخ |
||
| 650 |
_927766 _aالمشبهة (فرق اسلامية) _xتاريخ |
||
| 650 |
_916630 _aالوهابية (دعوة اسلامية) _xتاريخ |
||
| 650 |
_915288 _aالبهائية _xتاريخ |
||
| 650 |
_927767 _aالبابية (ديانة) _xتاريخ |
||
| 650 |
_913708 _aالقاديانية (فرق إسلامية) _xتاريخ |
||
| 653 |
_bGeneral _cNovember2011 |
||
| 942 |
_2ddc _cBB |
||
| 999 |
_c16217 _d16217 |
||